[Event "M.Chigorin Memorial 2017 "]
[Site "?????-?????????"]
[Date "2017.10.25"]
[Round "5"]
[Board "119"]
[White "Vunder, Andrey"]
[Black "Nikitin, Sergey E."]
[Result "0-1"]
[WhiteElo "2161"]
[BlackElo "1923"]
[PlyCount "126"]
[EventDate "2017.10.21"]
[EventRounds "9"]
[EventCountry "RUS"]

1. d4 d5 2. Bf4 Nf6 3. e3 Bf5 4. c4 c6 5. Nc3 e6 6. Qb3 Qb6 7. c5 Qxb3 8. axb3
Nbd7 9. b4 Nh5 10. Bc7 Rc8 11. Be5 a6 12. h3 Nhf6 13. Bh2 Be7 14. Nf3 h6 15.
Nd2 Bd8 16. Nb3 Bc7 17. Bxc7 Rxc7 18. b5 O-O 19. bxa6 bxa6 20. Na5 Rb8 21. b3
e5 22. Kd2 exd4 23. exd4 Nf8 24. f3 Ne6 25. Ra4 g5 26. g3 Bg6 27. Bd3 Bxd3 28.
Kxd3 h5 29. h4 g4 30. f4 Ng7 31. f5 Kf8 32. Rf1 Ke7 33. Ra2 Rb4 34. Re2+ Kd7
35. Re5 Rb8 36. Rfe1 Re8 37. R1e2 Kd8 38. R2e3 Rxe5 39. dxe5 Nd7 40. e6 fxe6
41. fxe6 Nxc5+ 42. Kc2 Ncxe6 43. Re5 Ke7 44. b4 Kd6 45. Re1 Nf5 46. Ne2 c5 47.
Kb3 c4+ 48. Kc3 d4+ 49. Nxd4 Nexd4 50. Nxc4+ Kd7 51. Re5 Nb5+ 52. Kd3 Nxg3 53.
Rg5 Ke6 54. Rg6+ Kf5 55. Rxa6 Kf4 56. Rf6+ Nf5 57. Nb6 Rc3+ 58. Kd2 Ra3 59. Nc4
Rb3 60. Nb6 g3 61. Re6 g2 62. Nd5+ Kg3 63. Rg6+ Kh2  0-1

[Event "M.Chigorin Memorial 2017 "]
[Site "?????-?????????"]
[Date "2017.10.25"]
[Round "5"]
[Board "120"]
[White "Ufimtsev, Egor"]
[Black "Kairbekova, Amina"]
[Result "1-0"]
[WhiteElo "2143"]
[BlackElo "1916"]
[PlyCount "69"]
[EventDate "2017.10.21"]
[EventRounds "9"]
[EventCountry "RUS"]

1. c4 c5 2. Nf3 Nc6 3. Nc3 e5 4. e3 Nf6 5. d4 e4 6. Ne5 Be7 7. Be2 O-O 8. O-O
a6 9. a3 Qc7 10. Ng4 Nxg4 11. Bxg4 f5 12. Be2 cxd4 13. exd4 Bf6 14. Be3 d6 15.
Nd5 Qd8 16. Qd2 Bd7 17. Rfd1 Be8 18. c5 dxc5 19. dxc5 Bf7 20. Qc2 Bxd5 21. Rxd5
Qe7 22. Rxf5 Rad8 23. Bf4 Nd4 24. Qc4+ Qf7 25. Rxf6 gxf6 26. Qxf7+ Kxf7 27.
Bc4+ Kg7 28. Bc7 Rd7 29. Bd6 Re8 30. Rd1 b5 31. Bd5 Rc8 32. h3 Ne2+ 33. Kf1 Nf4
34. Bxf4 Rcd8 35. Bd6  1-0

[Event "M.Chigorin Memorial 2017 "]
[Site "?????-?????????"]
[Date "2017.10.25"]
[Round "5"]
[Board "121"]
[White "Zakirov, Rafael"]
[Black "Sokolov, Ilia"]
[Result "0-1"]
[WhiteElo "2120"]
[BlackElo "1909"]
[PlyCount "90"]
[EventDate "2017.10.21"]
[EventRounds "9"]
[EventCountry "RUS"]

1. d4 d5 2. c4 e6 3. cxd5 exd5 4. Nc3 Nf6 5. Bg5 Be7 6. e3 c6 7. Qc2 b6 8. Bd3
Ba6 9. Bf5 g6 10. Bh3 Ne4 11. Nxe4 Bxg5 12. Nxg5 Qxg5 13. Ne2 O-O 14. O-O Bc8
15. Nf4 Bxh3 16. Nxh3 Qf6 17. Rac1 Rc8 18. Nf4 Nd7 19. Qa4 Qd6 20. Rc2 Rc7 21.
Rfc1 Rac8 22. Qb3 Nf8 23. Nd3 Ne6 24. Nb4 c5 25. Nxd5 c4 26. Rxc4 Qxd5 27. Rxc7
Rxc7 28. Rxc7 Nxc7 29. Qa4 Qa5 30. Qxa5 bxa5 31. Kf1 Kf8 32. Ke2 Ke7 33. Kd3
Kd6 34. Kc4 f5 35. a3 a6 36. Kd3 Nd5 37. b3 Nb6 38. f3 a4 39. b4 Nd5 40. g3 Nc7
41. h3 Nb5 42. g4 Nxa3 43. gxf5 gxf5 44. e4 fxe4+ 45. fxe4 Nb5  0-1

[Event "M.Chigorin Memorial 2017 "]
[Site "?????-?????????"]
[Date "2017.10.25"]
[Round "5"]
[Board "122"]
[White "Manush, Shah"]
[Black "Ashid, Tsetsegulzii"]
[Result "1/2-1/2"]
[WhiteElo "2109"]
[BlackElo "1892"]
[PlyCount "95"]
[EventDate "2017.10.21"]
[EventRounds "9"]
[EventCountry "RUS"]

1. d4 d5 2. Bf4 Nf6 3. e3 c5 4. c3 Nc6 5. Nd2 Bf5 6. Qb3 Qd7 7. Ngf3 c4 8. Qd1
e6 9. Be2 h6 10. O-O Bd6 11. Bg3 Bxg3 12. hxg3 O-O 13. Ne5 Qc7 14. g4 Bh7 15.
Nxc6 Qxc6 16. f4 Ne4 17. Nxe4 Bxe4 18. Bf3 Bd3 19. Rf2 b5 20. g3 Qd6 21. Kg2 a5
22. Qh1 f6 23. Qh5 Qe7 24. Rh1 b4 25. Be2 Be4+ 26. Bf3 Bd3 27. Be2 Be4+ 28. Bf3
Bxf3+ 29. Kxf3 bxc3 30. bxc3 Rab8 31. Qg6 Qe8 32. Rxh6 Qxg6 33. Rxg6 Kf7 34. f5
Rh8 35. Kf4 Rh3 36. Rf3 Rb2 37. g5 exf5 38. Kxf5 Rb6 39. a4 Ra6 40. gxf6 gxf6
41. Rg4 Rh5+ 42. Kf4 Re6 43. Rf2 Rh1 44. Rh4 Re1 45. Rf3 Kg6 46. Rg4+ Kf7 47.
Rh4 Kg6 48. Rg4+  1/2-1/2

[Event "M.Chigorin Memorial 2017 "]
[Site "?????-?????????"]
[Date "2017.10.25"]
[Round "5"]
[Board "123"]
[White "Efremov, Vladislav"]
[Black "Pshmahov, Osman"]
[Result "0-1"]
[WhiteElo "1953"]
[BlackElo "2095"]
[PlyCount "92"]
[EventDate "2017.10.21"]
[EventRounds "9"]
[EventCountry "RUS"]

1. d4 Nf6 2. c4 g6 3. Nc3 Bg7 4. e4 d6 5. f3 O-O 6. Be3 Nbd7 7. Nge2 e5 8. Qd2
a6 9. d5 h5 10. Rg1 Nh7 11. g4 hxg4 12. fxg4 b5 13. cxb5 axb5 14. Nxb5 Ndf6 15.
Bg5 Nxg5 16. Qxg5 c6 17. Nbc3 cxd5 18. exd5 Qb6 19. O-O-O Bd7 20. h3 Rfc8 21.
a3 Ne4 22. Qe7 Rc7 23. Qh4 Nxc3 24. bxc3 Rxa3 25. Kd2 Ba4 26. Rc1 Ra2+ 27. Ke1
Rxe2+ 28. Kxe2 Qb2+ 29. Kf3 Qxc1 30. Qd8+ Bf8 31. Qxc7 Qf4+ 32. Kg2 Bc2 33. Kh1
Be4+ 34. Bg2 Qg3 35. Qxf7+ Kxf7 36. Rf1+ Kg7 37. Bxe4 Qxh3+ 38. Kg1 Qe3+ 39.
Rf2 Qxe4 40. Kf1 Qxd5 41. g5 Be7 42. Rg2 Qd1+ 43. Kf2 e4 44. Rg1 Qf3+ 45. Ke1
Qxc3+ 46. Kf2 Qf3+  0-1

[Event "M.Chigorin Memorial 2017 "]
[Site "?????-?????????"]
[Date "2017.10.25"]
[Round "5"]
[Board "124"]
[White "Khalaji, Hanieh"]
[Black "Yakovlev, Yuri S."]
[Result "1-0"]
[WhiteElo "2093"]
[BlackElo "1876"]
[PlyCount "71"]
[EventDate "2017.10.21"]
[EventRounds "9"]
[EventCountry "RUS"]

1. e4 c5 2. Nf3 a6 3. g3 b5 4. Bg2 Bb7 5. d3 e6 6. O-O Be7 7. Re1 d6 8. c3 h5
9. h4 Nd7 10. d4 Nh6 11. Bf4 Ng4 12. e5 d5 13. Ng5 g6 14. Qd2 Qb6 15. Na3 Bf8
16. Nc2 Nh6 17. Ne3 cxd4 18. cxd4 Nf5 19. Nxf5 gxf5 20. Bf3 Be7 21. Rac1 Nf8
22. Nh3 Ng6 23. Bg5 b4 24. Bxe7 Nxe7 25. Nf4 Nc6 26. Rc5 Ke7 27. Nxh5 Rac8 28.
Qg5+ Kd7 29. Nf6+ Kc7 30. Qg7 Rcd8 31. Qxf7+ Kb8 32. Qxe6 Ka7 33. Nxd5 Rxd5 34.
Qxd5 Rd8 35. Rxc6 Qxc6 36. Qxc6  1-0

[Event "M.Chigorin Memorial 2017 "]
[Site "?????-?????????"]
[Date "2017.10.25"]
[Round "5"]
[Board "125"]
[White "Bulsoev, Alexander"]
[Black "Petrochenko, Maria"]
[Result "1/2-1/2"]
[WhiteElo "1853"]
[BlackElo "2093"]
[PlyCount "81"]
[EventDate "2017.10.21"]
[EventRounds "9"]
[EventCountry "RUS"]

1. Nf3 d5 2. c4 c6 3. b3 Nf6 4. Bb2 Bf5 5. g3 h6 6. Bg2 e6 7. O-O Nbd7 8. d3
Bc5 9. Nbd2 O-O 10. a3 a5 11. Bc3 Qe7 12. Qc1 b5 13. Qb2 b4 14. axb4 axb4 15.
Bxf6 Nxf6 16. Ne5 Qb7 17. e3 Bd6 18. Ndf3 Ra3 19. cxd5 cxd5 20. Rac1 Nd7 21.
Nxd7 Qxd7 22. Rfd1 Rfa8 23. e4 Bh7 24. exd5 exd5 25. Ne5 Qf5 26. Re1 Ra2 27.
Qd4 Bxe5 28. Rxe5 Qxd3 29. Rce1 Be4 30. Qxd3 Bxd3 31. Rxd5 Ra1 32. Rde5 R8a5
33. Re8+ Kh7 34. Be4+ Bxe4 35. R8xe4 Rxe1+ 36. Rxe1 Ra3 37. Re3 Kg6 38. Kg2 f5
39. Rd3 Kf6 40. h4 Ke5 41. Kf3  1/2-1/2

[Event "M.Chigorin Memorial 2017 "]
[Site "?????-?????????"]
[Date "2017.10.25"]
[Round "5"]
[Board "126"]
[White "Gurjevskoy, Denis"]
[Black "Pavlov, Mikhail"]
[Result "1/2-1/2"]
[WhiteElo "2089"]
[BlackElo "1849"]
[PlyCount "89"]
[EventDate "2017.10.21"]
[EventRounds "9"]
[EventCountry "RUS"]

1. e4 e6 2. d4 d5 3. e5 c5 4. c3 Qa5 5. a3 Bd7 6. Nf3 Nc6 7. Be3 Nxd4 8. Nxd4
cxd4 9. b4 Qa4 10. Qxa4 Bxa4 11. cxd4 Rc8 12. Bd3 Ne7 13. Kd2 Nf5 14. Nc3 Nxe3
15. fxe3 Bd7 16. g4 Be7 17. h4 f6 18. g5 fxg5 19. Rag1 gxh4 20. Rxg7 a6 21. Rf1
Bf8 22. Rgf7 Bh6 23. Ne2 b5 24. Ng1 Bf8 25. Bxh7 Be7 26. Nh3 Rc6 27. Rg7 Bf8
28. Rgf7 Be7 29. R1f2 a5 30. bxa5 Ra6 31. Bg6 Kd8 32. Nf4 Rxa5 33. Bd3 h3 34.
Rh2 Rh6 35. Rxh3 Rxh3 36. Nxh3 Rxa3 37. Nf4 Ra2+ 38. Kc3 b4+ 39. Kb3 Ra3+ 40.
Kc2 Ba4+ 41. Kb2 Rb3+ 42. Ka2 Ra3+ 43. Kb2 Rb3+ 44. Ka2 Ra3+ 45. Kb2  1/2-1/2

[Event "M.Chigorin Memorial 2017 "]
[Site "?????-?????????"]
[Date "2017.10.25"]
[Round "5"]
[Board "127"]
[White "Mitra, Roman C"]
[Black "Vasilyev, Alexey"]
[Result "0-1"]
[WhiteElo "2087"]
[BlackElo "1794"]
[PlyCount "70"]
[EventDate "2017.10.21"]
[EventRounds "9"]
[EventCountry "RUS"]

1. e4 c5 2. Nf3 e6 3. c3 Nf6 4. d3 Nc6 5. Be2 Qc7 6. Nbd2 d5 7. Qc2 Be7 8. Nf1
b6 9. Ng3 Bb7 10. O-O O-O-O 11. a3 h5 12. Bg5 Ng4 13. Bxe7 Nxe7 14. Rfb1 Ng6
15. b4 c4 16. exd5 Bxd5 17. dxc4 Bxc4 18. Bxc4 Qxc4 19. Re1 Qd3 20. Qa4 Qd7 21.
b5 Nf6 22. Nd4 Ne7 23. Qc2 Qc7 24. Qb3 h4 25. Nf1 Rh5 26. Rad1 Kb8 27. c4 Rc5
28. Ne3 h3 29. Qb4 hxg2 30. Nb3 Rh8 31. Kxg2 Rxh2+ 32. Kf1 Qf4 33. Rd8+ Nc8 34.
Nd1 Qf3 35. Rxc8+ Kxc8  0-1

[Event "M.Chigorin Memorial 2017 "]
[Site "?????-?????????"]
[Date "2017.10.25"]
[Round "5"]
[Board "128"]
[White "Strybuk, Artsiom I"]
[Black "Lazhevskaya, Zhanni"]
[Result "1-0"]
[WhiteElo "1834"]
[BlackElo "2086"]
[PlyCount "67"]
[EventDate "2017.10.21"]
[EventRounds "9"]
[EventCountry "RUS"]

1. e4 e5 2. Nf3 Nc6 3. Bc4 Nf6 4. Ng5 d5 5. exd5 Nd4 6. c3 b5 7. Bf1 Nxd5 8.
cxd4 Qxg5 9. Bxb5+ Kd8 10. Qf3 exd4 11. O-O Bb7 12. d3 Qf6 13. Qg4 Bc8 14. Qe4
c6 15. Bg5 Qxg5 16. Bxc6 Rb8 17. Bxd5 Bd6 18. Na3 Qf6 19. Nc4 Bf5 20. Qf3 Bc7
21. Be4 Qh6 22. h3 Be6 23. Bd5 Re8 24. Rfe1 Qg6 25. Bxe6 fxe6 26. Ne5 Bxe5 27.
Rxe5 Kd7 28. Ra5 Rb6 29. Rxa7+ Kd6 30. Qf4+ e5 31. Qd2 Reb8 32. Rc1 R8b7 33.
Qa5 Rb5 34. Qd8+  1-0

[Event "M.Chigorin Memorial 2017 "]
[Site "?????-?????????"]
[Date "2017.10.25"]
[Round "5"]
[Board "129"]
[White "Thrish, Karthik"]
[Black "Leidorf, Sebastian"]
[Result "1/2-1/2"]
[WhiteElo "1843"]
[BlackElo "2083"]
[PlyCount "68"]
[EventDate "2017.10.21"]
[EventRounds "9"]
[EventCountry "RUS"]

1. e4 e6 2. d4 d5 3. Nc3 Nf6 4. Bg5 Bb4 5. exd5 exd5 6. Bd3 O-O 7. Nge2 c6 8.
O-O Bg4 9. f3 Bh5 10. Nf4 Bg6 11. Bxg6 hxg6 12. Nce2 Nbd7 13. Kh1 Re8 14. Nd3
Bd6 15. Bf4 Qc7 16. Bxd6 Qxd6 17. Qd2 Re7 18. Rae1 Rae8 19. Ng1 Nb6 20. b3 Nbd7
21. Nh3 Qa3 22. c3 a5 23. Nhf2 a4 24. b4 Nb6 25. Nd1 Nc4 26. Qc2 g5 27. Rxe7
Rxe7 28. Re1 Rxe1+ 29. Nxe1 g4 30. Qb1 Nd2 31. Qc2 Nc4 32. Qb1 Nd2 33. Qc2 Nc4
34. Qb1 Nd2  1/2-1/2

[Event "M.Chigorin Memorial 2017 "]
[Site "?????-?????????"]
[Date "2017.10.25"]
[Round "5"]
[Board "130"]
[White "Shoshin, Kirill"]
[Black "Huseynov, Murad"]
[Result "1/2-1/2"]
[WhiteElo "1831"]
[BlackElo "2076"]
[PlyCount "98"]
[EventDate "2017.10.21"]
[EventRounds "9"]
[EventCountry "RUS"]

1. d4 e6 2. c4 Nf6 3. Nc3 b6 4. Nf3 Bb7 5. g3 Ne4 6. Bg2 Nxc3 7. bxc3 c5 8. O-O
Nc6 9. Ne5 Na5 10. Bxb7 Nxb7 11. d5 f6 12. Ng4 h5 13. Ne3 Kf7 14. Ng2 Be7 15.
Qd3 Qg8 16. e4 h4 17. g4 h3 18. Ne3 g5 19. f3 Qb8 20. Bd2 Qc7 21. Be1 Bd6 22.
Qe2 Na5 23. Bd2 Bf4 24. Rfd1 Bxe3+ 25. Bxe3 e5 26. Rdb1 d6 27. a4 Qd7 28. Bd2
Kg6 29. Be1 Rh7 30. Bd2 Rhh8 31. Be1 Rh7 32. Bd2 Rhh8 33. Be1 Qb7 34. Rb2 Qa6
35. Rb5 Qc8 36. Rb2 Qd7 37. Rb5 Qc8 38. Rb2 Qc7 39. Rb5 Qd7 40. Rb2 Qc8 41. Rb5
Qa6 42. Qa2 Rh7 43. Qe2 Qc8 44. Rb2 Qd7 45. Rb5 Qc8 46. Rb2 Qa6 47. Rb5 Qc8 48.
Rb2 Qa6 49. Rb5 Qc8  1/2-1/2

[Event "M.Chigorin Memorial 2017 "]
[Site "?????-?????????"]
[Date "2017.10.25"]
[Round "5"]
[Board "131"]
[White "Ponomarev, Denis"]
[Black "Gorbatenko, Alexander"]
[Result "0-1"]
[WhiteElo "1811"]
[BlackElo "2042"]
[PlyCount "120"]
[EventDate "2017.10.21"]
[EventRounds "9"]
[EventCountry "RUS"]

1. e4 c5 2. Nf3 g6 3. d4 cxd4 4. Nxd4 Nc6 5. Nc3 Bg7 6. Be3 Nf6 7. Qd2 O-O 8.
f3 d5 9. Nxc6 bxc6 10. O-O-O Qc7 11. Bh6 dxe4 12. Bxg7 Kxg7 13. fxe4 Be6 14.
Bd3 Rab8 15. Na4 c5 16. Qc3 c4 17. Be2 Rfc8 18. Bf3 Rb5 19. Rhe1 Ra5 20. e5 Ne8
21. Qa3 Bd7 22. e6 Bxa4 23. exf7 Kxf7 24. Bd5+ Rxd5 25. Rxd5 Bc6 26. Rde5 Nd6
27. Qh3 h5 28. Qe6+ Kg7 29. g4 Nf7 30. R5e3 Bd7 31. Qxe7 Bxg4 32. Qb4 Qf4 33.
Kb1 Qf6 34. a3 Rc6 35. Qe7 Qxe7 36. Rxe7 a6 37. Kc1 Bf5 38. Kd2 Kf6 39. Kc3 Nd6
40. R7e3 Nb5+ 41. Kd2 c3+ 42. bxc3 Nxa3 43. Rf3 Nc4+ 44. Kc1 a5 45. Re8 a4 46.
Ra8 a3 47. Ra4 Ke5 48. Rf1 g5 49. Re1+ Be4 50. Ra8 Re6 51. Ra4 Kd5 52. Rd1+ Kc5
53. Rd8 Bc6 54. Ra7 Re1+ 55. Rd1 Rxd1+ 56. Kxd1 Kb6 57. Rxa3 Nxa3 58. Ke2 Nxc2
59. Kd3 Ne1+ 60. Kd4 Nf3+  0-1

[Event "M.Chigorin Memorial 2017 "]
[Site "?????-?????????"]
[Date "2017.10.25"]
[Round "5"]
[Board "132"]
[White "Shakhmatov, Roman"]
[Black "Kiseleva, Arina"]
[Result "0-1"]
[WhiteElo "1787"]
[BlackElo "2038"]
[PlyCount "96"]
[EventDate "2017.10.21"]
[EventRounds "9"]
[EventCountry "RUS"]

1. e4 c6 2. d4 d5 3. exd5 cxd5 4. Nf3 Nf6 5. Ne5 Nc6 6. Bb5 Qc7 7. c3 a6 8. Qa4
Bd7 9. Nxd7 Nxd7 10. Be2 e6 11. O-O Bd6 12. h3 O-O 13. Be3 b5 14. Qc2 f5 15. f4
Nf6 16. Nd2 Ne4 17. Nxe4 fxe4 18. Bg4 Rf6 19. Rf2 Raf8 20. Raf1 Ne7 21. Qd2 g6
22. h4 Nf5 23. Bxf5 gxf5 24. Kh2 Rh6 25. g3 Be7 26. Rg2 Kh8 27. Qe2 Rg8 28. Bf2
Rg4 29. Rh1 Bxh4 30. gxh4 Qxf4+ 31. Kg1 Rhg6 32. Rhh2 Qxh2+ 33. Kxh2 Rxg2+ 34.
Kh1 f4 35. Qe1 R2g4 36. Qe2 Kg7 37. b3 Kf6 38. a4 Rg2 39. Qf1 Kf5 40. axb5 axb5
41. Qe2 f3 42. Qe3 Kg4 43. Qe1 Kh3 44. Qf1 h5 45. c4 bxc4 46. bxc4 dxc4 47. d5
exd5 48. Bd4 Kxh4  0-1

[Event "M.Chigorin Memorial 2017 "]
[Site "?????-?????????"]
[Date "2017.10.25"]
[Round "5"]
[Board "133"]
[White "Pankova, Julia"]
[Black "Kutyanina, Mariya"]
[Result "0-1"]
[WhiteElo "1785"]
[BlackElo "2020"]
[PlyCount "120"]
[EventDate "2017.10.21"]
[EventRounds "9"]
[EventCountry "RUS"]

1. e4 c5 2. Nf3 d6 3. d4 cxd4 4. Qxd4 Nc6 5. Bb5 Bd7 6. Bxc6 Bxc6 7. Nc3 h6 8.
Be3 e5 9. Qd3 Nf6 10. O-O-O Be7 11. h3 Qd7 12. g4 b5 13. g5 hxg5 14. Nxg5 Rh4
15. f4 exf4 16. Nf3 b4 17. Nd5 Bxd5 18. exd5 Rh5 19. Bxf4 Rxd5 20. Qb3 Qc6 21.
Rhe1 Rxd1+ 22. Rxd1 Rc8 23. Nd4 Qe4 24. Bg3 Nd5 25. Nb5 Ne3 26. Qd3 Rxc2+ 27.
Kb1 Qg2 28. Nxd6+ Kf8 29. Be5 Nxd1 30. Qxc2 Qxc2+ 31. Kxc2 Ne3+ 32. Kd3 Nd5 33.
Kc4 Nb6+ 34. Kb5 f6 35. Bg3 g6 36. Ka6 Na4 37. Nc4 Nc5+ 38. Kxa7 Ne4 39. Be1
Ng5 40. h4 Nf3 41. Bf2 f5 42. h5 gxh5 43. Ne3 Bc5+ 44. Ka6 Bxe3 45. Bxe3 h4 46.
Kb5 Ne1 47. Kc4 Ng2 48. Bg1 Ne1 49. a4 bxa3 50. bxa3 h3 51. a4 Nf3 52. Bc5+ Kf7
53. Bd6 Ke6 54. Bf4 h2 55. Bxh2 Nxh2 56. a5 Kd6 57. a6 Kc6 58. a7 Kb7 59. Kd3
Ng4 60. Ke2 Kxa7  0-1

[Event "M.Chigorin Memorial 2017 "]
[Site "?????-?????????"]
[Date "2017.10.25"]
[Round "5"]
[Board "134"]
[White "Yudkevich, Mikhail"]
[Black "Smorodkin, Kirill"]
[Result "1/2-1/2"]
[WhiteElo "2005"]
[BlackElo "1769"]
[PlyCount "80"]
[EventDate "2017.10.21"]
[EventRounds "9"]
[EventCountry "RUS"]

1. d4 d5 2. c4 c6 3. Nf3 Nf6 4. e3 Bf5 5. cxd5 cxd5 6. Qb3 Qc7 7. Na3 a6 8. Bd2
e6 9. Rc1 Nc6 10. Ne5 Ne4 11. Bb4 Bxb4+ 12. Qxb4 Nxb4 13. Rxc7 O-O 14. Rxb7
Rab8 15. Rxb8 Rxb8 16. g4 Bg6 17. f3 Nd6 18. Nd7 Rb7 19. Nc5 Rb8 20. Na4 Rf8
21. Nc3 Bd3 22. b3 Bg6 23. Kd2 h6 24. Be2 Rc8 25. Rc1 Nb7 26. Nab1 Na5 27. Nxd5
Rxc1 28. Ne7+ Kh7 29. Kxc1 Nxa2+ 30. Kb2 Bxb1 31. Bf1 Nb4 32. Kxb1 Nxb3 33. Kb2
Na5 34. e4 Nb7 35. Kb3 a5 36. Kc4 g6 37. d5 Kg7 38. Nc6 Nc2 39. Kb5 Ne3 40. Kb6
Nd6  1/2-1/2

[Event "M.Chigorin Memorial 2017 "]
[Site "?????-?????????"]
[Date "2017.10.25"]
[Round "5"]
[Board "135"]
[White "Astakhov, Dmitrii"]
[Black "Shakirova, Renata"]
[Result "0-1"]
[WhiteElo "1490"]
[BlackElo "2004"]
[PlyCount "104"]
[EventDate "2017.10.21"]
[EventRounds "9"]
[EventCountry "RUS"]

1. d4 Nf6 2. c4 e6 3. Nc3 Bb4 4. e3 O-O 5. Nge2 d5 6. a3 Be7 7. cxd5 exd5 8. g3
Bg4 9. Bg2 c6 10. O-O Qc8 11. b4 Nbd7 12. Qb3 Nb6 13. Nf4 a6 14. Nb1 Bd6 15.
Nd3 Bh3 16. Nd2 Re8 17. Bb2 Qf5 18. Nc5 Rab8 19. Qd3 Qh5 20. a4 Ng4 21. Nf3 Nc4
22. Bc3 Bxg2 23. Kxg2 b6 24. Nb3 Re6 25. Nbd2 Ncxe3+ 26. fxe3 Rxe3 27. Qxa6
Rxc3 28. Qa7 Re8 29. Rfe1 Ne3+ 30. Kf2 Qh3 31. Qxf7+ Kxf7 32. Ng5+ Kg8 33. Nxh3
Rf8+ 34. Kg1 Nc2 35. Rac1 Bxb4 36. Nb1 Rcf3 37. Red1 Ne3 38. Ng5 Rf2 39. Nh3
Nxd1 40. Nxf2 Nxf2 41. Rxc6 Nd1 42. Re6 Rf6 43. Re2 Nc3 44. Re1 Nxa4 45. Re5
Rc6 46. Re8+ Kf7 47. Ra8 b5 48. Rb8 Rc1+ 49. Kg2 Rxb1 50. Rxb5 Nc3 51. Rb7+ Be7
52. Rc7 Ne4  0-1

[Event "M.Chigorin Memorial 2017 "]
[Site "?????-?????????"]
[Date "2017.10.25"]
[Round "5"]
[Board "136"]
[White "Misyura, Ilya"]
[Black "Shemakhanov, Danila"]
[Result "1-0"]
[WhiteElo "1974"]
[BlackElo "1542"]
[PlyCount "95"]
[EventDate "2017.10.21"]
[EventRounds "9"]
[EventCountry "RUS"]

1. d4 Nf6 2. c4 e6 3. Nc3 d5 4. cxd5 exd5 5. Bg5 Nbd7 6. e3 Be7 7. Bd3 c6 8.
Nf3 O-O 9. O-O Re8 10. Qc2 Nf8 11. Rab1 h6 12. Bh4 Ne4 13. Bxe7 Qxe7 14. b4 a6
15. a4 Ng6 16. h3 Nh4 17. Nxh4 Qxh4 18. Ne2 g5 19. f3 Ng3 20. Nxg3 Qxg3 21. Qf2
Qxf2+ 22. Kxf2 b5 23. a5 Ra7 24. Rbc1 Rae7 25. Rfe1 Bd7 26. g4 f6 27. Bf5 Rc8
28. Rc5 Kf7 29. Rec1 Bxf5 30. gxf5 Rec7 31. Ke2 Ke7 32. Kd3 Kd6 33. e4 h5 34.
R1c2 g4 35. fxg4 hxg4 36. hxg4 dxe4+ 37. Kxe4 Re8+ 38. Kf4 Re1 39. d5 Rb1 40.
Rxc6+ Rxc6 41. Rxc6+ Kxd5 42. Rxf6 Rxb4+ 43. Kg5 Ke4 44. Kh5 Kf3 45. g5 Kf4 46.
g6 Rb1 47. g7 Ke5 48. Rf8  1-0

[Event "M.Chigorin Memorial 2017 "]
[Site "?????-?????????"]
[Date "2017.10.25"]
[Round "5"]
[Board "137"]
[White "Kozlov, Mikhail"]
[Black "Guliev, Gasan"]
[Result "0-1"]
[WhiteElo "1813"]
[BlackElo "2123"]
[PlyCount "94"]
[EventDate "2017.10.21"]
[EventRounds "9"]
[EventCountry "RUS"]

1. g3 g6 2. Bg2 Bg7 3. d4 Nf6 4. Nf3 O-O 5. O-O d6 6. c3 Nbd7 7. Nbd2 c6 8. a4
a5 9. Nc4 Qc7 10. Bf4 b6 11. b4 Bb7 12. Qb3 axb4 13. cxb4 Nh5 14. Be3 c5 15.
dxc5 bxc5 16. Rac1 d5 17. Na5 c4 18. Nxb7 Qxb7 19. Qa3 Qa6 20. Nd4 e5 21. b5
Qxa4 22. Qxa4 Rxa4 23. Nc6 d4 24. Ne7+ Kh8 25. Bc6 Nb6 26. Bg5 h6 27. g4 Nf6
28. Bxf6 Bxf6 29. Nd5 Nxd5 30. Bxd5 c3 31. f4 exf4 32. b6 f3 33. Bxf3 Bg5 34.
Rc2 Be3+ 35. Kg2 Rb4 36. b7 Rb8 37. Bd5 R4xb7 38. Rxf7 Rxf7 39. Bxf7 Kg7 40.
Bd5 Kf6 41. Be4 Kg5 42. Kg3 Bf4+ 43. Kg2 Kxg4 44. Bxg6 Bd2 45. h3+ Kf4 46. h4
Rg8 47. h5 Ke3  0-1

[Event "M.Chigorin Memorial 2017 "]
[Site "?????-?????????"]
[Date "2017.10.25"]
[Round "5"]
[Board "138"]
[White "Mochalin, Faddey"]
[Black "Vasilenko, Ekaterina"]
[Result "1-0"]
[WhiteElo "2096"]
[BlackElo "1806"]
[PlyCount "111"]
[EventDate "2017.10.21"]
[EventRounds "9"]
[EventCountry "RUS"]

1. d4 Nf6 2. c4 g6 3. Nc3 Bg7 4. e4 d6 5. f3 O-O 6. Be3 c5 7. Nge2 Nc6 8. Qd2
Qa5 9. d5 Ne5 10. Ng3 h5 11. h4 a6 12. Be2 Bd7 13. Bf4 Nh7 14. O-O b5 15. Nh1
Nxc4 16. Bxc4 bxc4 17. Nf2 Rab8 18. Rac1 Qb4 19. Nfd1 a5 20. Rf2 Bf6 21. g3 a4
22. a3 Qb3 23. Rh2 Rfe8 24. Ne3 Bd4 25. Kh1 Nf6 26. Rg2 Qb6 27. Qd1 Qb3 28. Qe2
Rb7 29. Ned1 Qb6 30. Bg5 Nh7 31. Be3 Nf6 32. Qc2 Qb3 33. Qd2 Qb6 34. Ne2 Bxe3
35. Qxe3 e6 36. Qc3 Nh7 37. dxe6 Bxe6 38. Nf4 Qb3 39. Rd2 Rd7 40. Kg2 Qxc3 41.
Rxc3 Nf6 42. Nxe6 fxe6 43. Rxc4 d5 44. exd5 Rxd5 45. Rxd5 exd5 46. Rxc5 Re1 47.
Nc3 d4 48. Nd5 Nd7 49. Rc8+ Kf7 50. Rc7 Ke6 51. Nf4+ Kd6 52. Rc4 Rd1 53. Rxa4
Ne5 54. Ra6+ Kc5 55. Ra5+ Kd6 56. Rd5+  1-0

[Event "M.Chigorin Memorial 2017 "]
[Site "?????-?????????"]
[Date "2017.10.25"]
[Round "5"]
[Board "139"]
[White "Khochinsky, Andrey"]
[Black "Orlov, Alexandr"]
[Result "1/2-1/2"]
[WhiteElo "1803"]
[BlackElo "2075"]
[PlyCount "84"]
[EventDate "2017.10.21"]
[EventRounds "9"]
[EventCountry "RUS"]

1. d4 d5 2. c4 e6 3. Nc3 c6 4. e3 f5 5. Nf3 Nf6 6. Bd3 b6 7. O-O Bd6 8. Bd2 O-O
9. cxd5 exd5 10. Rc1 Ne4 11. Ne5 Be6 12. f3 Nxd2 13. Qxd2 c5 14. Nb5 Bxe5 15.
dxe5 a6 16. Nd6 c4 17. Bb1 Nc6 18. f4 Ne7 19. Rfd1 Qc7 20. a4 Rab8 21. b4 g6
22. b5 a5 23. Qd4 Nc8 24. Nxc8 Rbxc8 25. Rc3 Rfd8 26. Bc2 Qc5 27. Kh1 Qxd4 28.
exd4 Kf7 29. h4 h5 30. Kg1 Kg7 31. Kf2 Kf7 32. Ke2 Rg8 33. Kf2 Rgd8 34. Re1 Rg8
35. Ree3 Rg7 36. Rg3 Rcg8 37. Rg5 Rh7 38. Rcg3 Rgg7 39. Bd1 Rh8 40. Bc2 Rhh7
41. Bd1 Rh8 42. Bc2 Rhh7  1/2-1/2

[Event "M.Chigorin Memorial 2017 "]
[Site "?????-?????????"]
[Date "2017.10.25"]
[Round "5"]
[Board "140"]
[White "Titievskaya, Elizaveta"]
[Black "Nikonov, Alexej"]
[Result "1-0"]
[WhiteElo "1798"]
[BlackElo "2052"]
[PlyCount "79"]
[EventDate "2017.10.21"]
[EventRounds "9"]
[EventCountry "RUS"]

1. e4 d5 2. exd5 Nf6 3. d4 Nxd5 4. Be2 g6 5. Nf3 Bg7 6. O-O O-O 7. h3 Nc6 8. c4
Nb6 9. d5 Ne5 10. Qb3 e6 11. Rd1 exd5 12. cxd5 Bd7 13. a4 Nxf3+ 14. Bxf3 Qh4
15. Nc3 Bd4 16. Ne4 Bxf2+ 17. Nxf2 Bxa4 18. Rxa4 Qxa4 19. Qc3 Qc4 20. Qf6 Nd7
21. Qe7 Rad8 22. Ng4 h5 23. Nh6+ Kg7 24. Qg5 Qc2 25. Rf1 f6 26. Qg3 Rh8 27. Qf4
Qc5+ 28. Kh1 Qd6 29. Qd2 Ne5 30. Bxh5 Nc4 31. Qc2 Ne5 32. Qd2 Qxd5 33. Qf2 Rd6
34. Qf4 Nd3 35. Qg3 Qxh5 36. Nf5+ Qxf5 37. Rxf5 Nxc1 38. Rc5 Rd1+ 39. Kh2 Rhd8
40. Qe3  1-0

[Event "M.Chigorin Memorial 2017 "]
[Site "?????-?????????"]
[Date "2017.10.25"]
[Round "5"]
[Board "141"]
[White "Golovkina, Anastasia"]
[Black "Leonova, Ameliya"]
[Result "1/2-1/2"]
[WhiteElo "2035"]
[BlackElo "1798"]
[PlyCount "82"]
[EventDate "2017.10.21"]
[EventRounds "9"]
[EventCountry "RUS"]

1. e4 c5 2. Nf3 Nc6 3. d4 cxd4 4. Nxd4 g6 5. c4 Bg7 6. Be3 Nf6 7. Nc3 O-O 8.
Be2 d6 9. O-O Bd7 10. Qd2 Nxd4 11. Bxd4 Bc6 12. Bd3 Nd7 13. Bxg7 Kxg7 14. b3 a5
15. Rae1 Nc5 16. Bc2 Qb6 17. Re3 Rad8 18. Nd5 Bxd5 19. exd5 e5 20. dxe6 fxe6
21. a3 Rf6 22. h4 Nd7 23. Rd1 Ne5 24. Qd4 Qxd4 25. Rxd4 Nc6 26. Rd2 e5 27. Be4
Kf7 28. Bxc6 bxc6 29. Rxe5 Ra8 30. Re3 Re6 31. Red3 Ke7 32. f3 Rb8 33. Kf2 h5
34. Kg3 Rf8 35. c5 d5 36. Rd4 Rb8 37. R2d3 Rb5 38. Rc3 Re2 39. f4 Rb2 40. Rdd3
d4 41. Rxd4 R2xb3  1/2-1/2